000 00204 a2200097 4500
001 57416
100 _a
245 _aIslami Reyasat
260 _aLahore
_bAl-Faisal
_c1992
090 _c35147
_d35147
942 _aNUST-CAE
_cMONOGRAPH
_c27944
999 _c292489
_d292489